Представление документа в формате RUSMARC

ПолеНазваниеЗначение
  Тип записи a
  Библиографический уровень m
001 Контрольный номер c2fe67cbcfef4669837e131fde29df76
005 Дата корректировки 20140624132516.8
200 Заглавие и сведения об ответственности 1_
a Заглавие Признаки классификации туризма
e Сведения, относящиеся к заглавию Лекция по спец.061100 "Менеджмент организации"
f Первые сведения об ответственности А.Макаров, С.Плетнева; М-во образования РФ, Акад.повышения квалификации и переподготовки работников образования
210 Выходные данные 1_
a Место издания М.
c Издательство АПК и ПРО
d Дата издания 2004
215 Физическое описание __
a Объем 63 с.
610 Ключевые слова 0_
a Ключевые слова туризм
610 Ключевые слова 0_
a Ключевые слова туристический бизнес
610 Ключевые слова 0_
a Ключевые слова лекция
686 Индексы других классификаций __
a Классификационный индекс 75.814
2 Код системы rubbk
700 Автор _1
a Фамилия Макаров,А.А.
801 Источник записи _0
a Страна RU
b Организация РУК
c Дата составления 20040513
g Правила каталогизации PSBO
801 Источник записи _1
a Страна RU
b Организация РУК
c Дата составления 20040513
g Правила каталогизации PSBO
852 Данные о местонахождении __
i Авторский знак М 15
j Шифр хранения ББК 75
901 Тип документа __
t Тип документа m
938 Служебная информация __
a Название организации Головной вуз
b Имя БД BOOK
c Название АИБС АИБС ИРБИС